000 00473nam a2200169Ia 4500
005 20250225115742.0
008 231217s9999 xx 000 0 und d
020 _a9788173660627
082 _a001.6424LEX LEV;7
100 _aLevine, John R. Mason, Tony. Brown, Doug
245 0 _aLex and yaac : Unix programming tools
250 _a2nd ed.
260 _c1995
_bShroff
_aBangalore
300 _axxii+366
650 _aLex,yaac,:,Unix,programming,tools
942 _cAA
999 _c180723
_d180723